000 00745nam a22002417a 4500
003 OSt
005 20150408114136.0
008 010813c2003 ii a f b 00| 0 eng d
020 _a9788123909899
020 _a8123909896
040 _aMa-Un
082 0 0 _222
_a624.1834
_bRND
100 1 _936274
_aRaju, N. krishna
245 0 0 _aDesign of reinforced concrete structures (IS: 456-2000) /
_cN. Krishna Raju.
250 _a3rd. ed.
260 _aNew Delhi :
_bCBS,
_c2003.
300 _a290 p. :
_bcol. ill. ;
_c24 cm.
490 2 _aCBS problems & solutions series
504 _aIncludes bibliographical references.
650 0 _aStructural design
_934371
_xProblems, exercises, etc.
650 0 _aStructural engineering
942 _2ddc
_cBOOK
999 _c30281
_d264781